000 00602nam a2200217Ia 4500
003 OSt
005 20230530103918.0
008 210423s2011 xx 000 0 und d
020 _a978-81-89948-64-1
040 _cAL
041 _aeng
082 _a824.8 TREL
100 _aTREVELYAN (George Otto)
_9116462
245 _aLord Macaulays selected essays and writings
260 _aNew Delhi
_bSrishti Book Distributors
_c2011
300 _avii,475
_bHB
365 _b1800
_cINR
650 _aEnglish Prose
_9116463
906 _aessays ; Lord ; Macaulays ; selected ; writings
942 _2ddc
_cBK
999 _c168376
_d168376